000
00307nam a2200133Ia 4500
008
151001s9999||||xx |||||||||||||| ||und||
100
_a
ग य चिटणीस
245
_a
कुसुम
250
_a
1
260
_b
श ल चिटणीस
260
_c
1947
300
_a
158
365
_b
7.5
999
_c
949249
_d
949246